000 00314nam a2200145Ia 4500
008 230718s9999 xx 000 0 und d
041 _aEng.
082 _a340
_bCHA-H
100 _aChaudhary, G.M
245 0 _aHuman rights
260 _aPakistan
_bhouse
_c2009
300 _a1276
650 _aLaw
999 _c29456
_d29456